| 000 | 00477nam a22001817a 4500 | ||
|---|---|---|---|
| 005 | 20180203142058.0 | ||
| 008 | 160429b xxu||||| |||| 00| 0 eng d | ||
| 020 | _a978-0-0704-95098 | ||
| 041 | _aeng | ||
| 082 |
_b00735 _a004.35 |
||
| 100 |
_aWhitten, Jeffery L. and others _94068 |
||
| 245 | _aSystem Analysis & Design Methods | ||
| 250 | _a6th ed, | ||
| 260 |
_aNew Delhi _bTMH Publ.co.Ltd. _c2004 |
||
| 300 | _a780 | ||
| 650 |
_aInformation Technology _9137 |
||
| 942 | _cBK | ||
| 999 |
_c215 _d215 |
||